000 00520nam a2200181Ia 4500
003 GCL
008 140319s9999 xx 000 0 ara d
040 _aGCL /
_cGCL
082 0 4 _a928.1
_bح و
100 1 _aحسين احمد عطوان
245 1 0 _aالوليد بن يزيد: عرض ونقد /
_cحسين احمد عطوان
260 _a[S.N] :
_bدار الجيل ،
_c1981
300 _a535 ص
490 _a
650 0 4 _aالادب العربى
650 0 4 _aالوليد بن يزيد
942 _2ddc
_cBK
999 _c54684
_d54684